[Event "London Classic op 14th"]
[Site "London"]
[Date "2024.12.06"]
[Round "8"]
[White "Petrov, Vladimir Sergeev"]
[Black "Kalavannan, Koby"]
[Result "1/2-1/2"]
[WhiteElo "2349"]
[BlackElo "2225"]
[PlyCount "170"]
[EventDate "2024.11.29"]
[EventType "swiss"]
[EventRounds "9"]
[EventCountry "ENG"]
[SourceTitle "CB50_2024"]
[SourceDate "2024.11.01"]
[SourceVersion "1"]
[SourceVersionDate "2024.11.01"]
[SourceQuality "2"]

1. e4 c5 2. Nf3 Nc6 3. d4 cxd4 4. Nxd4 g6 5. Nc3 Bg7 6. Be3 Nf6 7. Bc4 0-0 8. Bb3 Re8 9. f3 d5 10. exd5 Nb4 11. Nde2 e6 12. Bd4 Nbxd5 13. Nxd5 exd5 14. 0-0 Bh6 15. Nc3 Be6 16. Qe1 Nh5 17. Qf2 Qg5 18. Rfe1 Bg7 19. Rad1 Bxd4 20. Rxd4 Rad8 21. Qe3 Qf6 22. Qe5 Bh3 23. Nxd5 Qxe5 24. Ree4 Qxd4+ 25. Rxd4 Re5 26. Nf6+ Kf8 27. Rxd8+ Ke7 28. Re8+ Kxf6 29. Rxe5 Kxe5 30. gxh3 f6 31. h4 Nf4 32. Kf2 Kd4 33. Bg8 h6 34. Bf7 b6 35. Be8 Ke5 36. Bb5 Nd5 37. Bd3 Nf4 38. Bf1 Nd5 39. c3 Kf4 40. Bd3 Ne3 41. Ke2 f5 42. c4 h5 43. b4 Ng2 44. c5 bxc5 45. bxc5 Ke5 46. Bc4 f4 47. Bd3 Nxh4 48. Be4 Nf5 49. Bxf5 gxf5 50. Kd3 Kd5 51. c6 Kxc6 52. Kc4 h4 53. h3 Kd6 54. Kd4 Ke6 55. Kc5 Ke5 56. a4 Ke6 57. a5 Kd7 58. Kd5 Kc7 59. Ke5 Kb7 60. Kxf4 Ka6 61. Kxf5 Kxa5 62. f4 Kb5 63. Kg5 a5 64. f5 a4 65. f6 a3 66. f7 a2 67. f8Q a1Q 68. Qf5+ Kc6 69. Kxh4 Kd6 70. Kg5 Ke7 71. Kg6 Qg1+ 72. Kh7 Qg3 73. Kh6 Qh4+ 74. Kg6 Qg3+ 75. Kh5 Qg8 76. Qe5+ Kf7 77. Qc7+ Kf8 78. Qc8+ Kg7 79. Qg4+ Kf8 80. Kh6 Qh8+ 81. Kg6 Qg7+ 82. Kh5 Qh7+ 83. Kg5 Qg7+ 84. Kf4 Qd4+ 85. Kg3 Qe5+ 1/2-1/2

[Event "London Classic op 14th"]
[Site "London"]
[Date "2024.12.03"]
[Round "6"]
[White "Fernandez, Michael"]
[Black "Petrov, Vladimir Sergeev"]
[Result "1-0"]
[WhiteElo "2138"]
[BlackElo "2349"]
[PlyCount "93"]
[EventDate "2024.11.29"]
[EventType "swiss"]
[EventRounds "9"]
[EventCountry "ENG"]
[SourceTitle "CB50_2024"]
[SourceDate "2024.11.01"]
[SourceVersion "1"]
[SourceVersionDate "2024.11.01"]
[SourceQuality "2"]

1. e4 c5 2. Nf3 Nc6 3. c3 g6 4. d4 d5 5. exd5 Qxd5 6. dxc5 Qxd1+ 7. Kxd1 e5 8. Be3 Nf6 9. b4 Ng4 10. Bb5 Bg7 11. Nbd2 0-0 12. h3 Nxe3+ 13. fxe3 a5 14. bxa5 Rxa5 15. a4 Ra7 16. Kc2 Na5 17. e4 f6 18. Nc4 Be6 19. Nxa5 Rxa5 20. Nd2 Rc8 21. Nb3 Raa8 22. Rhd1 Rc7 23. Rd6 Kf7 24. c6 Bf8 25. cxb7 Rxb7 26. Rxe6 Kxe6 27. Bc6 Rba7 28. Bxa8 Rxa8 29. g4 f5 30. gxf5+ gxf5 31. exf5+ Kxf5 32. a5 Kf4 33. a6 Kg3 34. Kd3 Kxh3 35. Ke4 h5 36. Kd5 h4 37. Kc6 Kg2 38. Ra2+ Kg1 39. Nd2 e4 40. Nxe4 h3 41. Ng5 Rc8+ 42. Kb7 Rc5 43. c4 Rxc4 44. a7 Rc3 45. Ka6 Rb3 46. a8Q h2 47. Ra1+ 1-0

[Event "London Classic op 14th"]
[Site "London"]
[Date "2024.11.30"]
[Round "2"]
[White "Pert, Max P"]
[Black "Petrov, Vladimir Sergeev"]
[Result "1-0"]
[WhiteElo "2076"]
[BlackElo "2349"]
[PlyCount "91"]
[EventDate "2024.11.29"]
[EventType "swiss"]
[EventRounds "9"]
[EventCountry "ENG"]
[SourceTitle "CB50_2024"]
[SourceDate "2024.11.01"]
[SourceVersion "1"]
[SourceVersionDate "2024.11.01"]
[SourceQuality "2"]

1. d4 Nf6 2. Nf3 e6 3. Bf4 b6 4. e3 Bb7 5. Nbd2 h6 6. h3 d6 7. Bd3 g5 8. Bh2 Nbd7 9. Qe2 Qe7 10. e4 Bg7 11. 0-0-0 g4 12. hxg4 Nxg4 13. Bg3 h5 14. e5 dxe5 15. dxe5 f5 16. exf6 Qxf6 17. c3 Nc5 18. Bh4 Nxd3+ 19. Qxd3 Qf5 20. Qxf5 exf5 21. Rhe1+ Kf8 22. Ng5 Bh6 23. Re2 Re8 24. Rxe8+ Kxe8 25. Re1+ Kd7 26. f3 Nf2 27. Kc2 Bxg5 28. Bxg5 Rg8 29. Re7+ Kc8 30. Bf4 Ba6 31. Rxc7+ Kd8 32. c4 Rxg2 33. Rxa7 Bc8 34. Rh7 Be6 35. Bc7+ Ke8 36. Bxb6 Bf7 37. c5 f4 38. Rh8+ Kd7 39. Rd8+ Kc6 40. Rd6+ Kb5 41. Rf6 Bg6+ 42. Kb3 Nd3 43. a4+ Ka6 44. Nc4 Nc1+ 45. Ka3 Bd3 46. Rf7 1-0

[Event "London Classic op 14th"]
[Site "London"]
[Date "2024.11.30"]
[Round "3"]
[White "Petrov, Vladimir Sergeev"]
[Black "Patel, Zain"]
[Result "1-0"]
[WhiteElo "2349"]
[BlackElo "2083"]
[PlyCount "171"]
[EventDate "2024.11.29"]
[EventType "swiss"]
[EventRounds "9"]
[EventCountry "ENG"]
[SourceTitle "CB50_2024"]
[SourceDate "2024.11.01"]
[SourceVersion "1"]
[SourceVersionDate "2024.11.01"]
[SourceQuality "2"]

1. e4 c6 2. d4 d5 3. Nd2 dxe4 4. Nxe4 Nf6 5. Nxf6+ exf6 6. c3 Bd6 7. Bd3 0-0 8. Qc2 Re8+ 9. Ne2 h5 10. 0-0 Qc7 11. h3 Nd7 12. Re1 c5 13. Bf4 Nf8 14. Bxd6 Qxd6 15. Ng3 Rxe1+ 16. Rxe1 h4 17. Ne4 Qe7 18. Qd1 cxd4 19. cxd4 Qb4 20. Qd2 Qxd2 21. Nxd2 Be6 22. a3 Rd8 23. Nf3 g5 24. Be4 b6 25. d5 Bc8 26. Nd4 f5 27. Bf3 Bd7 28. Nc6 Bxc6 29. dxc6 Ne6 30. Kf1 Kg7 31. Rc1 Kf6 32. Ke2 Nf4+ 33. Kf1 Ne6 34. Rc4 Ke5 35. Ra4 a5 36. Rc4 Kd6 37. c7 Rc8 38. Rc6+ Ke7 39. Rxb6 Rxc7 40. b4 Nd4 41. Bd1 axb4 42. Rxb4 Ne6 43. a4 Nf4 44. Rb1 Rc5 45. Ra1 Ra5 46. Bf3 Kd6 47. Ke1 Nd3+ 48. Kd2 Nc5 49. Bd1 Ne4+ 50. Ke3 Ke5 51. Bc2 f4+ 52. Kf3 f5 53. Re1 Rc5 54. Bxe4 fxe4+ 55. Rxe4+ Kf5 56. Rb4 Rc3+ 57. Ke2 Rc2+ 58. Ke1 Ra2 59. Rb5+ Ke4 60. f3+ Ke3 61. Re5+ Kd3 62. Rxg5 Rxa4 63. Re5 Ra2 64. Kf1 Ra4 65. Kg1 Rb4 66. Kh2 Ra4 67. Rh5 Ke2 68. Rxh4 Kf1 69. Rg4 Rb4 70. h4 Ra4 71. Kh3 Kf2 72. h5 Ra1 73. Kh4 Ra6 74. Kg5 Ra5+ 75. Kh6 Ra6+ 76. Rg6 Ra5 77. Rg5 Ra6+ 78. Kh7 Ra7+ 79. Rg7 Rxg7+ 80. Kxg7 Kxg2 81. h6 Kxf3 82. h7 Kg2 83. h8Q f3 84. Qa8 Kf2 85. Kf6 Ke2 86. Qe4+ 1-0

[Event "London Classic op 14th"]
[Site "London"]
[Date "2024.11.29"]
[Round "1"]
[White "Petrov, Vladimir Sergeev"]
[Black "Hill, Alistair"]
[Result "1/2-1/2"]
[WhiteElo "2349"]
[BlackElo "2076"]
[PlyCount "83"]
[EventDate "2024.11.29"]
[EventType "swiss"]
[EventRounds "9"]
[EventCountry "ENG"]
[SourceTitle "CB50_2024"]
[SourceDate "2024.11.01"]
[SourceVersion "1"]
[SourceVersionDate "2024.11.01"]
[SourceQuality "2"]

1. e4 c5 2. Nf3 Nc6 3. d4 cxd4 4. Nxd4 Nf6 5. Nc3 e5 6. Ndb5 d6 7. Bg5 a6 8. Na3 b5 9. Nd5 Be7 10. Bxf6 Bxf6 11. c3 Bg5 12. Nc2 Rb8 13. a4 bxa4 14. Ncb4 Nxb4 15. Nxb4 Bd7 16. Bxa6 Qa5 17. Qxd6 Rb6 18. Qd3 Be6 19. 0-0 0-0 20. Bc4 Rd8 21. Bd5 Bxd5 22. exd5 Be7 23. Qd1 Bxb4 24. Rxa4 Qxd5 25. Qxd5 Rxd5 26. Rxb4 Rxb4 27. cxb4 Kf8 28. Rb1 Ke7 29. Kf1 Rb5 30. Ke2 Rxb4 31. Kd3 Kd6 32. Kc3 Rf4 33. Rd1+ Kc5 34. f3 Rc4+ 35. Kd3 Rd4+ 36. Ke2 Rb4 37. Rd2 f5 38. h3 h5 39. Kd3 g5 40. Kc3 Rc4+ 41. Kb3 Rb4+ 42. Kc3 1/2-1/2

[Event "Titled Tuesday intern op 12th May"]
[Site "Chess.com INT"]
[Date "2020.05.12"]
[Round "6"]
[White "Chylewski, Patryk"]
[Black "Petrov, Vladimir Sergeev"]
[Result "0-1"]
[WhiteElo "2344"]
[BlackElo "2349"]
[PlyCount "68"]
[EventDate "2020.05.12"]
[EventType "swiss (blitz)"]
[EventRounds "10"]
[EventCountry "USA"]
[SourceTitle "EXT 2021"]
[Source "ChessBase"]
[SourceDate "2020.10.23"]
[SourceVersion "1"]
[SourceVersionDate "2020.10.23"]
[SourceQuality "1"]

1. d4 Nf6 2. c4 e6 3. Nf3 b6 4. g3 Ba6 5. Qc2 c5 6. Bg2 Bb7 7. dxc5 Bxc5 8. 0-0 0-0 9. a3 Nc6 10. b4 Be7 11. Rd1 Rc8 12. Bb2 d5 13. Qa4 Qe8 14. cxd5 Nxd5 15. Nbd2 Bf6 16. Bxf6 Nxf6 17. Nc4 Nd4 18. Qxe8 Nxe2+ 19. Kf1 Nxe8 20. Kxe2 Rxc4 21. Ne5 Rc2+ 22. Kd3 Rc7 23. Bxb7 Rxb7 24. Kc4 Nf6 25. Kb5 Nd5 26. Rac1 f6 27. Ka6 Rfb8 28. Rc8+ Rxc8 29. Kxb7 Rc7+ 30. Kb8 fxe5 31. Rxd5 exd5 32. Kxc7 d4 33. Kb7 d3 34. Kxa7 d2 0-1

[Event "Titled Tuesday intern op 12th May"]
[Site "Chess.com INT"]
[Date "2020.05.12"]
[Round "8"]
[White "Petrov, Vladimir Sergeev"]
[Black "Seul, Georg"]
[Result "0-1"]
[WhiteElo "2349"]
[BlackElo "2372"]
[PlyCount "50"]
[EventDate "2020.05.12"]
[EventType "swiss (blitz)"]
[EventRounds "10"]
[EventCountry "USA"]
[SourceTitle "CBM 196 Extra"]
[Source "ChessBase"]
[SourceDate "2020.07.31"]
[SourceVersion "1"]
[SourceVersionDate "2020.07.31"]
[SourceQuality "1"]

1. e4 e5 2. Nf3 Nc6 3. Nc3 Nf6 4. d4 exd4 5. Nxd4 Bc5 6. Be3 Bb6 7. Nxc6 bxc6 8. e5 Bxe3 9. fxe3 Nd5 10. Nxd5 cxd5 11. Qd4 0-0 12. 0-0-0 Qe7 13. Qxd5 Rb8 14. Bc4 Bb7 15. Qxd7 Qxe5 16. Rhf1 Bxg2 17. Rxf7 Qxb2+ 18. Kd2 Qb4+ 19. Kc1 Qb2+ 20. Kd2 Qb4+ 21. c3 Qb2+ 22. Ke1 Qxc3+ 23. Kf2 Qxc4 24. Rxf8+ Rxf8+ 25. Kxg2 Qe2+ 0-1

[Event "Gibraltar Masters 18th"]
[Site "Caleta"]
[Date "2020.01.23"]
[Round "3"]
[White "Petrov, Vladimir Sergeev"]
[Black "Kosteniuk, Alexandra"]
[Result "1-0"]
[WhiteElo "2353"]
[BlackElo "2504"]
[PlyCount "75"]
[EventDate "2020.01.21"]
[EventType "swiss"]
[EventRounds "10"]
[EventCountry "GGB"]
[SourceTitle "CBM 194 Extra"]
[Source "ChessBase"]
[SourceDate "2020.03.31"]
[SourceVersion "1"]
[SourceVersionDate "2020.03.31"]
[SourceQuality "1"]

1. e4 c6 2. d4 d5 3. Nc3 dxe4 4. Nxe4 Bf5 5. Ng3 Bg6 6. h4 h6 7. Nf3 Nd7 8. h5 Bh7 9. Bd3 Bxd3 10. Qxd3 e6 11. Bd2 Bd6 12. Ne4 Bc7 13. 0-0-0 Ngf6 14. c4 b5 15. cxb5 0-0 16. bxc6 Nxe4 17. Qxe4 Nf6 18. Qc2 Qd5 19. Kb1 Rfb8 20. Rc1 Rb5 21. Qc4 Qf5+ 22. Qc2 Ne4 23. Rhe1 Rab8 24. b3 Nxd2+ 25. Nxd2 Qxf2 26. Nf3 Qg3 27. Ne5 a5 28. Nd7 Ra8 29. Qc3 Qd6 30. Re5 Rb4 31. Qc5 a4 32. Rc4 Rxc4 33. bxc4 Ra6 34. Qxd6 Bxd6 35. d5 Ra5 36. Kc2 a3 37. c5 Rb5 38. Re2 1-0

[Event "Hastings Masters op 95th"]
[Site "Hastings"]
[Date "2019.12.30"]
[Round "3"]
[White "Petrov, Vladimir Sergeev"]
[Black "Petrov, Martin"]
[Result "0-1"]
[WhiteElo "2355"]
[BlackElo "2497"]
[PlyCount "54"]
[EventDate "2019.12.28"]
[EventType "swiss"]
[EventRounds "9"]
[EventCountry "ENG"]
[SourceTitle "CBM 194 Extra"]
[Source "ChessBase"]
[SourceDate "2020.03.31"]
[SourceVersion "1"]
[SourceVersionDate "2020.03.31"]
[SourceQuality "1"]

1. e4 c6 2. d4 d5 3. e5 Bf5 4. Nc3 e6 5. g4 Bg6 6. Nge2 c5 7. Be3 Ne7 8. h4 h5 9. Nf4 cxd4 10. Bxd4 Nbc6 11. Nb5 Nxd4 12. Nd6+ Kd7 13. Qxd4 Nc6 14. Qc3 Bxd6 15. exd6 d4 16. Qd2 Be4 17. Rg1 hxg4 18. Rxg4 Rxh4 19. Rxh4 Qxh4 20. 0-0-0 Bf3 21. Re1 Qg5 22. c4 Rh8 23. Nd3 Qxd2+ 24. Kxd2 Kxd6 25. b4 b6 26. c5+ bxc5 27. bxc5+ Kc7 0-1

[Event "London Chess Classic: Blitz A"]
[Site "London"]
[Date "2019.12.08"]
[Round "11"]
[White "Petrov, Vladimir Sergeev"]
[Black "Pert, Nicholas"]
[Result "1/2-1/2"]
[WhiteElo "2165"]
[BlackElo "2522"]
[PlyCount "125"]
[EventDate "2019.12.08"]
[EventType "swiss (blitz)"]
[EventRounds "11"]
[EventCountry "ENG"]
[SourceTitle "EXT 2021"]
[Source "ChessBase"]
[SourceDate "2020.10.23"]
[SourceVersion "1"]
[SourceVersionDate "2020.10.23"]
[SourceQuality "1"]

1. e4 c5 2. Nf3 Nc6 3. d4 cxd4 4. Nxd4 e5 5. Nb5 d6 6. N1c3 a6 7. Na3 Be7 8. Nd5 Nf6 9. Be3 Nxd5 10. exd5 Nd4 11. Bxd4 exd4 12. Qxd4 0-0 13. Bd3 Bf6 14. Qb4 Re8+ 15. Kf1 b5 16. c3 Bb7 17. Rd1 Qe7 18. Qf4 Bxd5 19. Qf5 Be4 20. Bxe4 Qxe4 21. Qxe4 Rxe4 22. Rxd6 Rae8 23. g3 b4 24. cxb4 Rxb4 25. Rxa6 Rxb2 26. Nc4 Rb4 27. Ne3 Bd4 28. Kg2 Bxe3 29. fxe3 Rb2+ 30. Kf3 h5 31. h4 Rc2 32. Rd1 Rc3 33. Re1 g6 34. a4 Ra3 35. Kf4 Rc8 36. a5 Rc5 37. Ra8+ Kg7 38. a6 Rf5+ 39. Ke4 Ra4+ 40. Kd3 Rd5+ 41. Ke2 Ra2+ 42. Kf3 Rf5+ 43. Ke4 Ra4+ 44. Kd3 Rfa5 45. Rc1 Rxa6 46. Rxa6 Rxa6 47. Ke4 Rf6 48. Rc7 Rf2 49. Rc6 Kf8 50. Rc7 Kg7 51. Rc6 Rf6 52. Rxf6 Kxf6 53. Kf4 Ke6 54. Ke4 f6 55. Kf4 Kd5 56. Kf3 Ke5 57. e4 g5 58. hxg5 fxg5 59. Ke3 h4 60. gxh4 gxh4 61. Kf3 h3 62. Kg3 Kxe4 63. Kxh3 1/2-1/2

[Event "London Chess Classic: Blitz A"]
[Site "London"]
[Date "2019.12.08"]
[Round "9"]
[White "Van Zyl Rudd, Jack"]
[Black "Petrov, Vladimir Sergeev"]
[Result "0-1"]
[WhiteElo "1617"]
[BlackElo "2165"]
[PlyCount "86"]
[EventDate "2019.12.08"]
[EventType "swiss (blitz)"]
[EventRounds "11"]
[EventCountry "ENG"]
[SourceTitle "EXT 2021"]
[Source "ChessBase"]
[SourceDate "2020.10.23"]
[SourceVersion "1"]
[SourceVersionDate "2020.10.23"]
[SourceQuality "1"]

1. d4 Nf6 2. c4 e6 3. Nc3 Bb4 4. Qc2 0-0 5. e4 d5 6. e5 Ne4 7. Bd3 c5 8. Nf3 cxd4 9. Nxd4 Nc6 10. Nxc6 bxc6 11. Bxe4 dxe4 12. a3 Qa5 13. Bd2 Rb8 14. 0-0 Be7 15. Nd5 Qd8 16. Nxe7+ Qxe7 17. Bc3 c5 18. Qxe4 Bb7 19. Qe2 Ba8 20. Rad1 Rbd8 21. Ba5 Rd4 22. Rxd4 cxd4 23. Bb4 Qb7 24. f3 Rd8 25. Rd1 Qb6 26. Bd6 d3+ 27. Qf2 Qb3 28. Qd2 Qxc4 29. Qxd3 Qh4 30. b4 Rc8 31. Qd4 Qg5 32. Qd2 Qh4 33. Qf2 Qg5 34. h3 h5 35. Qd2 Qh4 36. Qf2 Qf4 37. Qd4 Qg5 38. Qf2 h4 39. Kh2 Rc3 40. Bc5 Bd5 41. Bd4 Rxa3 42. Bxa7 Ra2 43. Qf1 Rxa7 0-1

[Event "London Classic Weekend op 11th"]
[Site "London"]
[Date "2019.11.30"]
[Round "2"]
[White "Berthier, Hugo"]
[Black "Petrov, Vladimir Sergeev"]
[Result "0-1"]
[WhiteElo "2199"]
[BlackElo "2355"]
[PlyCount "174"]
[EventDate "2019.11.29"]
[EventType "swiss"]
[EventRounds "5"]
[EventCountry "ENG"]
[SourceTitle "CBM 193 Extra"]
[Source "ChessBase"]
[SourceDate "2020.01.31"]
[SourceVersion "1"]
[SourceVersionDate "2020.01.31"]
[SourceQuality "1"]

1. d4 Nf6 2. c4 e6 3. Nc3 Bb4 4. Qc2 0-0 5. Nf3 d5 6. cxd5 Qxd5 7. Bd2 Qh5 8. a3 Bxc3 9. Bxc3 b6 10. g3 Bb7 11. Bg2 Be4 12. Qd2 Nbd7 13. 0-0 Nd5 14. Ne1 Bxg2 15. Nxg2 f5 16. Nf4 Nxf4 17. Qxf4 Rac8 18. f3 g5 19. Qe3 Rce8 20. Rac1 f4 21. gxf4 gxf4 22. Qe4 Rf5 23. Kh1 Nf6 24. Rg1+ Kf7 25. Qc6 Nd5 26. Rg4 Rg5 27. Rcg1 Rxg4 28. Rxg4 Qf5 29. Qd7+ Re7 30. Qd8 Nf6 31. Rg7+ Kxg7 32. Qxe7+ Kg6 33. Kg2 Nd5 34. Qe8+ Kh6 35. Kf2 Qf6 36. Ke1 Qg6 37. Qf8+ Kh5 38. Kf2 Kh4 39. Bd2 Kh3 40. e4 fxe3+ 41. Bxe3 Qc2+ 42. Ke1 Nxe3 43. Qh6+ Kg2 44. Qxe3 Qb1+ 45. Kd2 Qxb2+ 46. Ke1 Qa1+ 47. Kd2 Qa2+ 48. Ke1 Qb1+ 49. Kd2 Qf5 50. Qe2+ Kh3 51. Kc3 c5 52. dxc5 Qxc5+ 53. Kb2 Qd4+ 54. Ka2 e5 55. Qc2 Qd5+ 56. Kb2 Qd7 57. Qf2 Qg7 58. Kb3 Qf7+ 59. Kb4 Qf4+ 60. Kb5 Qxh2 61. Qe3 Qb2+ 62. Ka6 Qd4 63. Qh6+ Kg3 64. Kxa7 Kxf3 65. Qh3+ Ke2 66. Qh2+ Kd1 67. Qh1+ Kd2 68. Qxh7 e4 69. Qh2+ Kd3 70. Qh7 Kc3 71. Qc7+ Qc5 72. Qg7+ Kb3 73. Qf7+ Kxa3 74. Qf1 Qd4 75. Qc1+ Kb3 76. Qb1+ Kc4 77. Qc2+ Kd5 78. Qa2+ Kd6 79. Qh2+ Kc6 80. Qh6+ Kb5 81. Qh5+ Kb4 82. Qh1 b5+ 83. Ka6 Qd6+ 84. Kb7 Qd3 85. Qe1+ Kb3 86. Kb6 e3 87. Ka5 Qd2+ 0-1

[Event "London Classic Weekend op 11th"]
[Site "London"]
[Date "2019.11.30"]
[Round "3"]
[White "Petrov, Vladimir Sergeev"]
[Black "Bonn, Thomas"]
[Result "1/2-1/2"]
[WhiteElo "2355"]
[BlackElo "2199"]
[PlyCount "104"]
[EventDate "2019.11.29"]
[EventType "swiss"]
[EventRounds "5"]
[EventCountry "ENG"]
[SourceTitle "CBM 193 Extra"]
[Source "ChessBase"]
[SourceDate "2020.01.31"]
[SourceVersion "1"]
[SourceVersionDate "2020.01.31"]
[SourceQuality "1"]

1. e4 c5 2. Nf3 d6 3. d4 cxd4 4. Nxd4 Nf6 5. Nc3 a6 6. Be3 e5 7. Nb3 Be6 8. h3 h5 9. f4 Nc6 10. f5 Bxb3 11. axb3 d5 12. exd5 Ne7 13. Qf3 Rc8 14. Rd1 Qa5 15. d6 Rxc3 16. bxc3 Qxc3+ 17. Kf2 Nc6 18. Rd2 Kd7 19. Bc4 e4 20. Qf4 g5 21. fxg6 fxg6 22. Qg3 Ne5 23. Ke2 Bh6 24. Rhd1 Rf8 25. Bf4 Nf3 26. gxf3 h4 27. Qxg6 Qxf3+ 28. Ke1 Qxf4 29. Rf2 Qe3+ 30. Kf1 Qxh3+ 31. Kg1 e3 32. Qf5+ Qxf5 33. Rxf5 Ne4 34. Rxf8 Bxf8 35. Rd4 Nd2 36. Be2 Bxd6 37. Rxh4 Kc6 38. Kg2 b5 39. Rh8 Bc5 40. Rh6+ Bd6 41. Re6 a5 42. Rxe3 a4 43. bxa4 bxa4 44. Bf3+ Nxf3 45. Kxf3 Bc5 46. Re1 Bd4 47. Ke4 Bb2 48. Kd3 a3 49. Re6+ Kb7 50. Re7+ Kb6 51. Re6+ Kb7 52. Re7+ Kb6 1/2-1/2

[Event "Karlsruhe Grenke op"]
[Site "Karlsruhe"]
[Date "2019.04.22"]
[Round "9"]
[White "Imnadze, Nato"]
[Black "Petrov, Vladimir Sergeev"]
[Result "1-0"]
[WhiteElo "2251"]
[BlackElo "2368"]
[PlyCount "61"]
[EventDate "2019.04.18"]
[EventType "swiss"]
[EventRounds "9"]
[EventCountry "GER"]
[SourceTitle "CBM 189 Extra"]
[Source "ChessBase"]
[SourceDate "2019.05.31"]
[SourceVersion "1"]
[SourceVersionDate "2019.05.31"]
[SourceQuality "1"]

1. e4 c5 2. Nf3 d6 3. d4 cxd4 4. Nxd4 Nf6 5. Nc3 a6 6. Bc4 e6 7. 0-0 b5 8. Bb3 Be7 9. Qf3 Qb6 10. Be3 Qb7 11. Qg3 0-0 12. Bh6 Ne8 13. Rfe1 b4 14. Nd5 Bd8 15. Nf5 f6 16. Nde7+ Qxe7 17. Nxe7+ Bxe7 18. Qg4 Kf7 19. e5 gxh6 20. exd6 Bxd6 21. Qe4 Ra7 22. Rad1 Kg7 23. Bxe6 Bxe6 24. Qxe6 Re7 25. Qg4+ Kh8 26. Rxe7 Bxe7 27. Qe6 Bd6 28. Rxd6 Nxd6 29. Qxd6 Kg7 30. Qxb4 Rd8 31. Qe7+ 1-0

[Event "Karlsruhe Grenke op"]
[Site "Karlsruhe"]
[Date "2019.04.20"]
[Round "4"]
[White "Zolfagharian, Kevin"]
[Black "Petrov, Vladimir Sergeev"]
[Result "1-0"]
[WhiteElo "2192"]
[BlackElo "2368"]
[PlyCount "75"]
[EventDate "2019.04.18"]
[EventType "swiss"]
[EventRounds "9"]
[EventCountry "GER"]
[SourceTitle "CBM 189 Extra"]
[Source "ChessBase"]
[SourceDate "2019.05.31"]
[SourceVersion "1"]
[SourceVersionDate "2019.05.31"]
[SourceQuality "1"]

1. e4 c5 2. Nf3 d6 3. d4 cxd4 4. Nxd4 Nf6 5. Nc3 a6 6. Bg5 Nbd7 7. Qe2 h6 8. Bh4 g6 9. f4 e5 10. Nf3 Qc7 11. 0-0-0 b5 12. fxe5 dxe5 13. Bxf6 Nxf6 14. Nd5 Nxd5 15. exd5 Bd6 16. Nd2 f5 17. g4 0-0 18. gxf5 Bxf5 19. Ne4 Rac8 20. Rg1 Kh7 21. Rg3 Qa5 22. Bh3 Qb6 23. Bxf5 Rxf5 24. Rxg6 Kxg6 25. Qg4+ Rg5 26. Nxg5 Rxc2+ 27. Kxc2 hxg5 28. Qe6+ Kh5 29. Qf7+ Kh4 30. Qh7+ Kg4 31. h3+ Kg3 32. Rd3+ Kh2 33. Rd2+ Kg3 34. Qd3+ Kf4 35. Qf1+ Ke4 36. Rd3 Qc5+ 37. Kb1 g4 38. hxg4 1-0

[Event "Karlsruhe Grenke op"]
[Site "Karlsruhe"]
[Date "2019.04.19"]
[Round "3"]
[White "Petrov, Vladimir Sergeev"]
[Black "Heimann, Andreas"]
[Result "0-1"]
[WhiteElo "2368"]
[BlackElo "2616"]
[PlyCount "120"]
[EventDate "2019.04.18"]
[EventType "swiss"]
[EventRounds "9"]
[EventCountry "GER"]
[SourceTitle "CBM 189 Extra"]
[Source "ChessBase"]
[SourceDate "2019.05.31"]
[SourceVersion "1"]
[SourceVersionDate "2019.05.31"]
[SourceQuality "1"]

1. e4 e5 2. Nf3 Nc6 3. Nc3 Nf6 4. d4 exd4 5. Nxd4 Bb4 6. Nxc6 bxc6 7. Bd3 d5 8. exd5 0-0 9. 0-0 cxd5 10. Bg5 c6 11. Qf3 Rb8 12. Rae1 Ba5 13. Rb1 Bc7 14. Ne2 Be5 15. c3 Qd6 16. h3 h6 17. Bh4 c5 18. Qe3 Re8 19. Qd2 Qc6 20. Ng3 Bb7 21. Nf5 d4 22. f3 dxc3 23. bxc3 Rbd8 24. Qc2 c4 25. Be4 Qc5+ 26. Bf2 Bxe4 27. fxe4 Qa5 28. Bd4 Nxe4 29. Rb7 Nxc3 30. Bxa7 Ne2+ 31. Kh1 Qd5 32. Rxf7 Qxf7 33. Nxh6+ gxh6 34. Rxf7 Ng3+ 35. Kh2 Kxf7 36. Qh7+ Ke6 37. Qg6+ Kd5 38. Qf7+ Kc6 39. Qxc4+ Kb7 40. Bd4 Nf1+ 41. Kg1 Bxd4+ 42. Kxf1 Bb6 43. Qf7+ Kb8 44. Qf4+ Kb7 45. Qf7+ Kc6 46. Qc4+ Bc5 47. Qa6+ Kc7 48. Qa5+ Bb6 49. Qc3+ Kb8 50. Qg3+ Kc8 51. Qc3+ Bc7 52. Qc6 Rf8+ 53. Ke2 Rd6 54. Qa8+ Bb8 55. a4 Re8+ 56. Kf3 h5 57. g3 Rf6+ 58. Kg2 Re2+ 59. Kg1 Rb6 60. Kf1 Rc2 0-1

[Event "Hastings Masters op 94th"]
[Site "Hastings"]
[Date "2019.01.06"]
[Round "10"]
[White "Petrov, Vladimir Sergeev"]
[Black "Stoyanov, Viktor"]
[Result "1-0"]
[WhiteElo "2365"]
[BlackElo "2195"]
[PlyCount "71"]
[EventDate "2018.12.28"]
[EventType "swiss"]
[EventRounds "10"]
[EventCountry "ENG"]
[SourceTitle "CBM 188 Extra"]
[Source "ChessBase"]
[SourceDate "2019.02.28"]
[SourceVersion "1"]
[SourceVersionDate "2019.02.28"]
[SourceQuality "1"]

1. e4 c5 2. Nf3 e6 3. d4 cxd4 4. Nxd4 Nf6 5. Nc3 Nc6 6. Ndb5 Bc5 7. Nd6+ Ke7 8. Bf4 e5 9. Nf5+ Kf8 10. Bg5 d6 11. Bc4 Be6 12. Bd5 h6 13. Be3 Bb4 14. 0-0 Bxc3 15. bxc3 Bxd5 16. exd5 Ne7 17. Nxe7 Qxe7 18. f4 e4 19. c4 b6 20. a4 Rc8 21. a5 Qc7 22. axb6 axb6 23. Ra4 Nd7 24. Qg4 Nf6 25. Qe2 Kg8 26. Bd4 Nd7 27. Qg4 f6 28. Rfa1 Rh7 29. Qe6+ Kh8 30. Ra8 Nb8 31. c5 Rf8 32. R1a7 Qd8 33. c6 g6 34. Rxh7+ Kxh7 35. Ra7+ Kh8 36. c7 1-0

[Event "Hastings Masters op 94th"]
[Site "Hastings"]
[Date "2019.01.05"]
[Round "9"]
[White "Nettleton, Charlie"]
[Black "Petrov, Vladimir Sergeev"]
[Result "0-1"]
[WhiteElo "2050"]
[BlackElo "2365"]
[PlyCount "90"]
[EventDate "2018.12.28"]
[EventType "swiss"]
[EventRounds "10"]
[EventCountry "ENG"]
[SourceTitle "CBM 188 Extra"]
[Source "ChessBase"]
[SourceDate "2019.02.28"]
[SourceVersion "1"]
[SourceVersionDate "2019.02.28"]
[SourceQuality "1"]

1. e4 c5 2. Nf3 d6 3. d4 cxd4 4. Nxd4 Nf6 5. Nc3 a6 6. h3 e5 7. Nde2 h5 8. g3 Be6 9. Bg2 Nbd7 10. a4 Rc8 11. Be3 Nb6 12. b3 Be7 13. 0-0 0-0 14. a5 Na8 15. Nd5 Nxd5 16. exd5 Bf5 17. c4 Bg5 18. Qd2 Bxe3 19. Qxe3 Nc7 20. b4 Qd7 21. Kh2 Ne8 22. Rfc1 Nf6 23. Bf1 h4 24. Nc3 hxg3+ 25. fxg3 Kh7 26. Qg5 Rh8 27. g4 Bg6 28. Be2 Kg8 29. Rf1 Nh7 30. Qe3 Qe7 31. Ne4 Bxe4 32. Qxe4 Ng5 33. Qf5 Rxh3+ 34. Kg2 Re8 35. c5 Re3 36. Ra2 Ne4 37. Rf3 g6 38. cxd6 Nxd6 39. Qf6 Rxf3 40. Qxf3 Rc8 41. Qe3 Kg7 42. Ra1 Nc4 43. Qc3 Qg5 44. Bxc4 Qxg4+ 45. Kf2 Qf4+ 0-1

[Event "Hastings Masters op 94th"]
[Site "Hastings"]
[Date "2019.01.04"]
[Round "8"]
[White "Petrov, Vladimir Sergeev"]
[Black "Stefansson, Vignir Vatnar"]
[Result "0-1"]
[WhiteElo "2365"]
[BlackElo "2248"]
[PlyCount "68"]
[EventDate "2018.12.28"]
[EventType "swiss"]
[EventRounds "10"]
[EventCountry "ENG"]
[SourceTitle "CBM 188 Extra"]
[Source "ChessBase"]
[SourceDate "2019.02.28"]
[SourceVersion "1"]
[SourceVersionDate "2019.02.28"]
[SourceQuality "1"]

1. e4 d5 2. exd5 Qxd5 3. Nc3 Qd6 4. g3 Nc6 5. Bg2 e5 6. Nf3 Bg4 7. h3 Bh5 8. d3 0-0-0 9. Be3 f5 10. g4 fxg4 11. Nd2 Qd7 12. Nb5 Nd4 13. Nxa7+ Kb8 14. c3 gxh3 15. Bf3 Nxf3+ 16. Nxf3 Bxf3 17. Qxf3 c5 18. d4 cxd4 19. 0-0-0 Bc5 20. cxd4 exd4 21. Kb1 Kxa7 22. Qh5 Qd5 23. Qxh3 Nf6 24. b4 Qe4+ 25. Ka1 Bxb4 26. Bd2 Bxd2 27. Rxd2 d3 28. Rb1 Qd4+ 29. Rdb2 Rd6 30. Qf5 Nd5 31. Qf7 Rb6 32. a3 d2 33. Ka2 Nc3+ 34. Ka1 Nxb1 0-1